[Event "SK Münster 5 - SF Beelen 2"]
[Site "Verbandsklasse 2016/2017"]
[Date "2016.10.22"]
[Round "2.8"]
[White "Redemann, Rolf"]
[Black "Kohkemper, Volkmar"]
[Result "0-1"]
[WhiteElo "1488"]
[BlackElo "1728"]
[PlyCount "106"]
[EventDate "2016.??.??"]
[SourceDate "2016.10.13"]

1. e4 d6 2. d4 Nf6 3. Bd3 c6 4. Ne2 Bg4 5. f3 Bh5 6. c3 e6 7. Be3 d5 8. O-O Be7
9. e5 Nfd7 10. Nd2 c5 11. Rc1 Nc6 12. b3 Bg6 13. Bb1 b5 14. a4 a6 15. Bxg6 hxg6
16. axb5 axb5 17. f4 c4 18. b4 Nb6 19. Qc2 Kd7 20. Ra1 Na4 21. Nb1 Qb6 22. Na3
Ra6 23. Qd2 Rha8 24. Nc2 Nb2 25. Rfb1 Nd3 26. Nc1 Rxa1 27. Rxa1 Rxa1 28. Nxa1
Ncxb4 29. cxb4 Bxb4 30. Qd1 Nxc1 31. Qxc1 Qa5 32. Nc2 Bc3 33. Qb1 b4 34. Nxb4
Qxb4 35. Qxb4 Bxb4 36. Kf2 Bc3 37. Ke2 Kc6 38. Kd1 Kb5 39. Kc1 Kb4 40. Kc2 Be1
41. Kb2 c3+ 42. Kc2 Kc4 43. g3 Bd2 44. Bf2 g5 45. fxg5 Bxg5 46. h4 Be7 47. g4
f6 48. exf6 Bxf6 49. g5 Bxd4 50. Bxd4 Kxd4 51. h5 Ke5 52. h6 gxh6 53. gxh6 Kf6
0-1

[Event "SC Sendenhorst 1 - SF Neuenkirchen 2"]
[Site "Verbandsklasse 2016/2017"]
[Date "2016.10.22"]
[Round "2.1"]
[White "Santos Brito, Daniel"]
[Black "Korb, Andreas"]
[Result "0-1"]
[WhiteElo "1936"]
[BlackElo "1984"]
[PlyCount "100"]
[EventDate "2016.??.??"]
[SourceDate "2016.10.13"]

1. e4 Nc6 2. Nc3 Nf6 3. f4 d5 4. e5 d4 5. exf6 dxc3 6. fxg7 cxd2+ 7. Bxd2 Bxg7
8. c3 Qd5 9. Qf3 Be6 10. Qxd5 Bxd5 11. Nh3 Bf6 12. Rg1 O-O-O 13. Bb5 Na5 14.
Nf2 h5 15. Bd3 Rhe8 16. Be4 e5 17. Bxd5 Rxd5 18. O-O-O exf4 19. Bxf4 Rf5 20. g3
Nc4 21. Rge1 Rxe1 22. Rxe1 Ne5 23. Kc2 Nf3 24. Re8+ Kd7 25. Rb8 b6 26. Nd3 a5
27. a4 Nxh2 28. Rb7 Bd8 29. Rb8 Ng4 30. b4 Be7 31. b5 Bd6 32. Rh8 Nf6 33. c4
Ne4 34. Bxd6 Kxd6 35. Nf4 Nxg3 36. Nd5 Kd7 37. Rh6 Rf2+ 38. Kb1 Ne4 39. Rc6
Nd2+ 40. Kc1 Nb3+ 41. Kb1 h4 42. Rxc7+ Kd8 43. Rc6 h3 44. Rd6+ Ke8 45. Rh6 h2
46. Rh8+ Kd7 47. Nxb6+ Kd6 48. Nc8+ Kc5 49. b6 Kb4 50. b7 Ka3 0-1

[Event "SC Sendenhorst 1 - SF Neuenkirchen 2"]
[Site "Verbandsklasse 2016/2017"]
[Date "2016.10.22"]
[Round "2.2"]
[White "Janz, Stefan"]
[Black "Nordholt, Uwe"]
[Result "0-1"]
[WhiteElo "1796"]
[BlackElo "1895"]
[PlyCount "68"]
[EventDate "2016.??.??"]
[SourceDate "2016.10.13"]

1. d4 Nf6 2. Nf3 e6 3. Bf4 b6 4. e3 Bb7 5. Bd3 d5 6. Nbd2 Be7 7. Rc1 O-O 8. Ne5
Nbd7 9. Qf3 c5 10. c3 c4 11. Bxc4 Qc8 12. Bd3 Ba6 13. Bb1 Nxe5 14. dxe5 Nd7 15.
Qh3 f5 16. exf6 Nxf6 17. Be5 g6 18. Nf3 Ne4 19. Rd1 Bf6 20. Bxf6 Rxf6 21. Rd4
Nxc3 22. bxc3 Qxc3+ 23. Rd2 Rc8 24. Bc2 e5 25. Qd7 d4 26. Qd5+ Kg7 27. Qxe5
dxe3 28. fxe3 Qb4 29. Kf2 Qxd2+ 30. Kg3 Qxc2 31. Qe7+ Rf7 32. Qe5+ Kg8 33. Ng5
Qf2+ 34. Kh3 Qf5+ 0-1

[Event "SC Sendenhorst 1 - SF Neuenkirchen 2"]
[Site "Verbandsklasse 2016/2017"]
[Date "2016.10.22"]
[Round "2.3"]
[White "Rengers, Rainer"]
[Black "Fleischmann, Andre"]
[Result "1/2-1/2"]
[WhiteElo "1752"]
[BlackElo "1740"]
[PlyCount "54"]
[EventDate "2016.??.??"]
[SourceDate "2016.10.13"]

1. d4 c5 2. d5 e6 3. c4 exd5 4. cxd5 d6 5. Nc3 g6 6. e4 Bg7 7. Nf3 Nf6 8. Be2
O-O 9. h3 a6 10. a4 Re8 11. Qc2 Nbd7 12. O-O Qe7 13. Re1 Nh5 14. Bd2 Ne5 15.
Nxe5 Qxe5 16. Bxh5 Qxh5 17. Bf4 Be5 18. Qd2 Bxf4 19. Qxf4 Re5 20. Re3 Kg7 21.
Rf3 f5 22. g4 Qh4 23. exf5 gxf5 24. Kh2 Bd7 25. Rg1 Kh8 26. gxf5 Qxf4+ 27. Rxf4
Rxf5 1/2-1/2

[Event "SC Sendenhorst 1 - SF Neuenkirchen 2"]
[Site "Verbandsklasse 2016/2017"]
[Date "2016.10.22"]
[Round "2.5"]
[White "Ternes, Joachim"]
[Black "Weng, Peter"]
[Result "1/2-1/2"]
[WhiteElo "1606"]
[BlackElo "1717"]
[PlyCount "83"]
[EventDate "2016.??.??"]
[SourceDate "2016.10.13"]

1. e4 e6 2. d4 d5 3. exd5 exd5 4. Nf3 Bd6 5. Bd3 Ne7 6. O-O O-O 7. c4 dxc4 8.
Bxc4 Nbc6 9. Bg5 h6 10. Bxe7 Qxe7 11. h3 Bf5 12. Nc3 Rad8 13. Re1 Qd7 14. Bb5
a6 15. Bf1 Bf4 16. Ne2 Bd6 17. a3 Rfe8 18. Nc3 Rxe1 19. Qxe1 Bf4 20. Ne2 Re8
21. Qc3 Bd6 22. Rd1 Be4 23. Nd2 Bg6 24. Nc4 Ne7 25. Qb3 b6 26. Ne5 Bxe5 27.
dxe5 Qc8 28. Nf4 Be4 29. Bc4 Qf5 30. e6 f6 31. Qg3 Kf8 32. Bxa6 g5 33. Nh5 Qg6
34. Be2 Nd5 35. Bf3 Rxe6 36. Rxd5 Bxd5 37. Bxd5 Re1+ 38. Kh2 Qxh5 39. Qxc7 Qe8
40. Qd6+ Qe7 41. Qb8+ Qe8 42. Qd6+ 1/2-1/2

[Event "SC Sendenhorst 1 - SF Neuenkirchen 2"]
[Site "Verbandsklasse 2016/2017"]
[Date "2016.10.22"]
[Round "2.7"]
[White "Barlage, Stefan"]
[Black "Westhues, Ralf"]
[Result "0-1"]
[WhiteElo "1123"]
[BlackElo "1603"]
[PlyCount "82"]
[EventDate "2016.??.??"]
[SourceDate "2016.10.13"]

1. e4 c5 2. Nf3 d6 3. Bb5+ Bd7 4. Bxd7+ Qxd7 5. c4 Nc6 6. Nc3 Nf6 7. O-O g6 8.
d3 Bg7 9. h3 O-O 10. Re1 Ne8 11. a3 Nc7 12. Rb1 Ne6 13. Be3 f5 14. Bd2 Ned4 15.
Nxd4 Nxd4 16. Ne2 fxe4 17. Nxd4 Bxd4 18. Be3 exd3 19. Bxd4 cxd4 20. Qxd3 e5 21.
f3 b6 22. b3 Qf5 23. Re4 Rad8 24. Rf1 g5 25. g4 Qg6 26. Kg2 Rf4 27. a4 Rdf8 28.
Qe2 Rxe4 29. fxe4 Rxf1 30. Kxf1 Qf6+ 31. Kg2 a5 32. Qd3 Kf8 33. Kg3 Ke7 34. Kg2
Kd7 35. Kg3 Kc6 36. c5 dxc5 37. Qb5+ Kc7 38. Qd3 Qf4+ 39. Kg2 Qe3 40. Qf1 Qxe4+
41. Kh2 Qf4+ 0-1

[Event "SC Sendenhorst 1 - SF Neuenkirchen 2"]
[Site "Verbandsklasse 2016/2017"]
[Date "2016.10.22"]
[Round "2.8"]
[White "Göntgens, Werner"]
[Black "Thomann, Henning"]
[Result "1/2-1/2"]
[WhiteElo "1592"]
[BlackElo "1288"]
[PlyCount "51"]
[EventDate "2016.??.??"]
[SourceDate "2016.10.13"]

1. d4 d5 2. Bf4 Bf5 3. e3 e6 4. Bd3 Bxd3 5. Qxd3 Nc6 6. Nf3 h6 7. a3 Bd6 8.
Bxd6 Qxd6 9. Nc3 Nf6 10. h3 O-O 11. O-O a6 12. Rfe1 Rfd8 13. Ne2 Nb8 14. Rac1
Nbd7 15. c4 dxc4 16. Qxc4 Rac8 17. b4 b5 18. Qc6 Nb6 19. Ne5 Nc4 20. Qxd6 cxd6
21. Nxc4 Rxc4 22. Rxc4 bxc4 23. Rc1 Rc8 24. Nc3 d5 25. Kf1 Kf8 26. Ke2 1/2-1/2